00506nam a2200133Ia 4500008004100000100002200041245005800063245009700121260005300218260001700271300000800288650001500296856006100311170221s9999 xx 000 0 und d aValeriy P. Popkov aSmall Business in the Economic System of the Country  cValeriy P. Popkov, Sergei M. Lepeshkin, Olga V. Fokina, Daria I. Orlova, Irina G. Altsybeeva bInternational Review of Management and Marketing cOctober 2013 a2:3 xMarketing. uhttp://www.econjournals.com/index.php/irmm/issue/view/86